Fundamentals of statistics / (Record no. 65543)

MARC details
000 -LEADER
fixed length control field 00599nam a22001697a 4500
005 - DATE AND TIME OF LATEST TRANSACTION
control field 20120424122952.0
020 ## - INTERNATIONAL STANDARD BOOK NUMBER
International Standard Book Number 0408706767
Terms of availability 00.00
035 ## - SYSTEM CONTROL NUMBER
System control number A-231312
037 ## - SOURCE OF ACQUISITION
Stock number DPL
Source of stock number/acquisition ENG
100 ## - MAIN ENTRY--PERSONAL NAME
Personal name Mulholland, H.
245 ## - TITLE STATEMENT
Title Fundamentals of statistics /
Statement of responsibility, etc by H. Mulholland and C.R. Jones
260 ## - PUBLICATION, DISTRIBUTION, ETC. (IMPRINT)
Place of publication, distribution, etc London
Name of publisher, distributor, etc The English Language Book Society
Date of publication, distribution, etc 1983
300 ## - PHYSICAL DESCRIPTION
Extent v, 291p.
Dimensions 18 cms.
700 ## - ADDED ENTRY--PERSONAL NAME
Personal name Jones, C.R.
9 (RLIN) 45659
942 ## - ADDED ENTRY ELEMENTS (KOHA)
Source of classification or shelving scheme Dewey Decimal Classification
Item type English Books
Classification part 310
Call number suffix MUL
Holdings
Withdrawn status Lost status Not for loan Collection code Home library Current library Date acquired Cost, normal purchase price Full call number Barcode Cost, replacement price Koha item type
      Non-fiction Sarojini Nagar Sarojini Nagar 24/04/2012 0.00 310 MUL A-231312 0.00 English Books

© Delhi Public Library
Hit Counter
free hit counter